Culture Générale - Série 2262 - Statistiques

Statistiques générales
  • Ce quiz a été pris 140 fois
  • Le résultat moyen est 5 sur 10
Statistiques - réponses
Question Réponse % Correct
Quel mot en argot signifie "dormir" - 7 lettres commençant par " p " pioncer
88%
Quel animal est appelé "flétan" ? poisson
85%
Personne qui assiste le dirigeant d'une église locale chrétienne - 6 lettres commençant par " d " diacre
65%
Sur les rives de quel grand lac la ville américaine de Buffalo est-elle située ? Erié
57%
Souvenir confus, vague - 12 lettres commençant par " r " réminiscence
48%
Pain destiné au sacrifice eucharistique hostie
44%
En argot, quelle institution est appelée "la rousse" ? police
37%
Comment s'appelle le fruit de l'hêtre (arbre) ? voir photo faîne
27%
Elle peut être de chocolat ou d'or pépite
23%
Personne qui travaille les peaux pour les transformer en cuir peaussier
4%
Aucun quiz correspondant
Distribution des résultats
% des personnes avec chaque résultat
Percentile par nombre de réponses
Votre historique - résultats
Vous n’avez pas pris ce quiz